000 00335nam a2200145Ia 4500
003 OSt
005 20240127101451.0
008 170523s9999 xx 000 0 und d
020 _a9780470530672
040 _ciimt university meerut
100 _aPOWELL- JD
245 0 _aMANAGEMENT
260 _bDELHI TATA MC GRAW HILL
942 _2ddc
_c02
999 _c96
_d96